The methodology of positive economics: (Record no. 275573)
[ view plain ]
| 000 -LEADER | |
|---|---|
| fixed length control field | 00551nam a2200169Ia 4500 |
| 008 - FIXED-LENGTH DATA ELEMENTS--GENERAL INFORMATION | |
| fixed length control field | 140911s9999 xx 000 0 und d |
| 020 ## - INTERNATIONAL STANDARD BOOK NUMBER | |
| International Standard Book Number | 9780521686860 |
| 050 ## - LIBRARY OF CONGRESS CALL NUMBER | |
| Classification number | HB 171 |
| Item number | .M525 2009 |
| 100 ## - MAIN ENTRY--PERSONAL NAME | |
| Personal name | Maki, Uskali. |
| 245 #4 - TITLE STATEMENT | |
| Title | The methodology of positive economics: |
| Remainder of title | reflections on the milton friedman legacy / |
| Statement of responsibility, etc | Uskali Maki. |
| 260 ## - PUBLICATION, DISTRIBUTION, ETC. (IMPRINT) | |
| Place of publication, distribution, etc | Singapore: |
| Name of publisher, distributor, etc | Marshall Cavendish Business, |
| Date of publication, distribution, etc | c2010. |
| 300 ## - PHYSICAL DESCRIPTION | |
| Extent | 239 pages : |
| Other physical details | illustration ; |
| Dimensions | 22 cm. |
| 504 ## - BIBLIOGRAPHY, ETC. NOTE | |
| Bibliography, etc | Includes index. |
| 650 ## - SUBJECT ADDED ENTRY--TOPICAL TERM | |
| Topical term or geographic name as entry element | Friedman, Milton. |
| 942 ## - ADDED ENTRY ELEMENTS (KOHA) | |
| Call number prefix | Foreign |
| Koha item type | Books |
No items available.